<?xml version="1.0" encoding="UTF-8"?><marc:collection xmlns:marc="http://www.loc.gov/MARC21/slim">
  <marc:record>
    <marc:leader>00000nam  2200000za 4500</marc:leader>
    <marc:controlfield tag="001">9.639363</marc:controlfield>
    <marc:controlfield tag="003">CaOODSP</marc:controlfield>
    <marc:controlfield tag="005">20240209132624</marc:controlfield>
    <marc:controlfield tag="007">cr |||||||||||</marc:controlfield>
    <marc:controlfield tag="008">150407s1997||||xxc|||||o    f|0| 0 fre d</marc:controlfield>
    <marc:datafield tag="040" ind1=" " ind2=" ">
      <marc:subfield code="a">CaOODSP</marc:subfield>
      <marc:subfield code="b">fre</marc:subfield>
    </marc:datafield>
    <marc:datafield tag="043" ind1=" " ind2=" ">
      <marc:subfield code="a">n-cn---</marc:subfield>
    </marc:datafield>
    <marc:datafield tag="086" ind1="1" ind2=" ">
      <marc:subfield code="a">C89-4/36-1997-1F-PDF</marc:subfield>
    </marc:datafield>
    <marc:datafield tag="110" ind1="2" ind2=" ">
      <marc:subfield code="a">Agence de promotion économique du Canada atlantique.</marc:subfield>
    </marc:datafield>
    <marc:datafield tag="245" ind1="1" ind2="0">
      <marc:subfield code="a">L'avantage concurrentiel du Canada atlantique : </marc:subfield>
      <marc:subfield code="h">[ressource électronique]</marc:subfield>
      <marc:subfield code="b">une comparaison des coûts des entreprises au Canada atlantique, en Europe et aux États-Unis - résumé / </marc:subfield>
      <marc:subfield code="c">par KPMG Canada ; publié par Prospectus Inc. ; parrainé par [l']Agence de promotion économique de Canada atlantique et [le] Ministère des Affaires étrangère et du Commerce international. </marc:subfield>
    </marc:datafield>
    <marc:datafield tag="260" ind1=" " ind2=" ">
      <marc:subfield code="a">Ottawa - Ontario : </marc:subfield>
      <marc:subfield code="b">Agence de promotion économique du Canada atlantique </marc:subfield>
      <marc:subfield code="c">[1997].</marc:subfield>
    </marc:datafield>
    <marc:datafield tag="300" ind1=" " ind2=" ">
      <marc:subfield code="a">5p.</marc:subfield>
    </marc:datafield>
    <marc:datafield tag="500" ind1=" " ind2=" ">
      <marc:subfield code="a">«KPMG Canada a effectué une comparaison des coûts qu'il faut encourir pour faire des affaires, en 1997, dans le Canada atlantique et dans sept pays d'Amérique du Nord et d'Europe. Cette étude internationale reprend et approfondit celles faites chaque année par KPMG depuis 1994 pour établir une comparaison des coûts d'affaires entre le Canada et les États-Unis.»--Préface.</marc:subfield>
    </marc:datafield>
    <marc:datafield tag="520" ind1="3" ind2=" ">
      <marc:subfield code="a">KPMG Canada a effectué une comparaison des coûts qu'il faut encourir pour faire des affaires, en 1997, dans le Canada atlantique et dans sept pays d'Amérique du Nord et d'Europe. Cette étude internationale reprend et approfondit celles faites chaque année par KPMG depuis 1994 pour établir une comparaison des coûts d'affaires entre le Canada et les États-Unis.--Préface</marc:subfield>
    </marc:datafield>
    <marc:datafield tag="590" ind1=" " ind2=" ">
      <marc:subfield code="a">11-29-Supp</marc:subfield>
      <marc:subfield code="b">2011-11-25</marc:subfield>
    </marc:datafield>
    <marc:datafield tag="710" ind1="2" ind2=" ">
      <marc:subfield code="a">Prospectus Inc.</marc:subfield>
    </marc:datafield>
    <marc:datafield tag="710" ind1="2" ind2=" ">
      <marc:subfield code="a">KPMG Canada (Firme)</marc:subfield>
    </marc:datafield>
    <marc:datafield tag="775" ind1="0" ind2="8">
      <marc:subfield code="t">The Atlantic Canada advantage : </marc:subfield>
      <marc:subfield code="w">(CaOODSP)9.695217</marc:subfield>
    </marc:datafield>
    <marc:datafield tag="776" ind1="0" ind2="#">
      <marc:subfield code="t">The Atlantic Canada advantage : </marc:subfield>
      <marc:subfield code="w">(CaOODSP)9.659903</marc:subfield>
    </marc:datafield>
    <marc:datafield tag="776" ind1="0" ind2="#">
      <marc:subfield code="t">L'avantage concurrentiel du Canada Atlantique : </marc:subfield>
      <marc:subfield code="w">(CaOODSP)9.659904</marc:subfield>
    </marc:datafield>
    <marc:datafield tag="856" ind1="4" ind2="0">
      <marc:subfield code="a">http://publications.gc.ca</marc:subfield>
      <marc:subfield code="q">PDF</marc:subfield>
      <marc:subfield code="s">53 Ko</marc:subfield>
      <marc:subfield code="u">https://publications.gc.ca/collections/Collection/C89-4-36-1997-1F.pdf</marc:subfield>
    </marc:datafield>
  </marc:record>
</marc:collection>
